<?xml version="1.0" encoding="UTF-8"?><?xml-stylesheet type="text/xsl" href="static/style.xsl"?><OAI-PMH xmlns="http://www.openarchives.org/OAI/2.0/" xmlns:xsi="http://www.w3.org/2001/XMLSchema-instance" xsi:schemaLocation="http://www.openarchives.org/OAI/2.0/ http://www.openarchives.org/OAI/2.0/OAI-PMH.xsd"><responseDate>2026-04-13T01:07:47Z</responseDate><request verb="GetRecord" identifier="oai:www.recercat.cat:2445/166506" metadataPrefix="marc">https://recercat.cat/oai/request</request><GetRecord><record><header><identifier>oai:recercat.cat:2445/166506</identifier><datestamp>2025-12-05T15:00:42Z</datestamp><setSpec>com_2072_1057</setSpec><setSpec>col_2072_478860</setSpec><setSpec>col_2072_478917</setSpec><setSpec>col_2072_478937</setSpec></header><metadata><record xmlns="http://www.loc.gov/MARC21/slim" xmlns:dcterms="http://purl.org/dc/terms/" xmlns:xsi="http://www.w3.org/2001/XMLSchema-instance" xmlns:doc="http://www.lyncode.com/xoai" xsi:schemaLocation="http://www.loc.gov/MARC21/slim http://www.loc.gov/standards/marcxml/schema/MARC21slim.xsd">
   <leader>00925njm 22002777a 4500</leader>
   <datafield ind2=" " ind1=" " tag="042">
      <subfield code="a">dc</subfield>
   </datafield>
   <datafield ind2=" " ind1=" " tag="720">
      <subfield code="a">Gómez Fernández, Ma. Analía</subfield>
      <subfield code="e">author</subfield>
   </datafield>
   <datafield ind2=" " ind1=" " tag="720">
      <subfield code="a">Goberna Tricas, Josefina</subfield>
      <subfield code="e">author</subfield>
   </datafield>
   <datafield ind2=" " ind1=" " tag="720">
      <subfield code="a">Payá Sánchez, Montserrat</subfield>
      <subfield code="e">author</subfield>
   </datafield>
   <datafield ind2=" " ind1=" " tag="260">
      <subfield code="c">2020-06-23T10:51:39Z</subfield>
   </datafield>
   <datafield ind2=" " ind1=" " tag="260">
      <subfield code="c">2020-06-23T10:51:39Z</subfield>
   </datafield>
   <datafield ind2=" " ind1=" " tag="260">
      <subfield code="c">2020-06</subfield>
   </datafield>
   <datafield ind2=" " ind1=" " tag="520">
      <subfield code="a">El programa de formación continuada (FC) que aquí se presenta forma parte de la tesis doctoral titulada “Detección y abordaje de la violencia de género durante el embarazo por parte de las matronas en atención primaria: Un abordaje desde la Investigación Acción Participativa” (https://www.tdx.cat/handle/10803/668486#page=1) presentada por Analía Gómez Fernández y co-dirigida por la Dra. Josefina Goberna y la Dra, Montserrat Payá. Dos eran los objetivos generales de la citada tesis:&#xd;
1) Conocer las características y la realidad de la formación inicial y continuada de las matronas en el ámbito de la detección y abordaje de la violencia de género.&#xd;
2) Promover cambios de mejora en la detección y abordaje de la violencia de género (VG) en el embarazo por parte de las matronas.&#xd;
Para su consecución, se optó por la metodología de Investigación Acción Participativa, porque fusiona teoría y práctica, y se orienta a la mejora de aspectos concretos de la realidad, desde la colaboración horizontal de sus diferentes agentes quienes son, a su vez, promotores de cambio. Por otra parte, su carácter iterativo posibilita el análisis de aspectos concretos de la realidad, el diseño de posibles acciones de mejora, su implementación, seguimiento y evaluación, que permiten ajustar la siguiente acción a realizar. Durante ese recorrido, produce conocimiento científico y contribuye a la formación de sus agentes.&#xd;
A lo largo de toda la investigación, también durante el diseño y validación del programa del FC, se procuró integrar la perspectiva teórica (ámbito académico) y la práctica (ámbito asistencial), puesto que ambas perspectivas se necesitan y se justifican mutuamente...</subfield>
   </datafield>
   <datafield tag="653" ind2=" " ind1=" ">
      <subfield code="a">Violència contra les dones</subfield>
   </datafield>
   <datafield tag="653" ind2=" " ind1=" ">
      <subfield code="a">Embaràs</subfield>
   </datafield>
   <datafield tag="653" ind2=" " ind1=" ">
      <subfield code="a">Llevadores</subfield>
   </datafield>
   <datafield tag="653" ind2=" " ind1=" ">
      <subfield code="a">Educació permanent</subfield>
   </datafield>
   <datafield tag="653" ind2=" " ind1=" ">
      <subfield code="a">Violence against women</subfield>
   </datafield>
   <datafield tag="653" ind2=" " ind1=" ">
      <subfield code="a">Pregnancy</subfield>
   </datafield>
   <datafield tag="653" ind2=" " ind1=" ">
      <subfield code="a">Midwives</subfield>
   </datafield>
   <datafield tag="653" ind2=" " ind1=" ">
      <subfield code="a">Continuing education</subfield>
   </datafield>
   <datafield ind2="0" ind1="0" tag="245">
      <subfield code="a">Programa de formación continuada sobre detección y abordaje de violencia de género en el embarazo para matronas y otros/as profesionales sanitarios/as. Escuela Universitaria de Enfermería. Campus de Bellvitge.</subfield>
   </datafield>
</record></metadata></record></GetRecord></OAI-PMH>